| 000 | 00513nam a2200193Ia 4500 | ||
|---|---|---|---|
| 001 | 63367 | ||
| 008 | 190617n1995 ii |||gr||||Z||||||465 | ||
| 020 | _a9780393911534 | ||
| 082 | _a823.7 | ||
| 100 |
_aAusten, Jane, _eAuthor. |
||
| 245 | 0 |
_aPersuasion _cby Jane Austen _hTextual Documents |
|
| 250 | _a2nd ed. | ||
| 260 |
_aLondon _bW W Norton & Co Ltd _c1995 |
||
| 300 |
_axi, 334pg: _c23cm. |
||
| 653 | _aEnglish | ||
| 653 | _aEnglish fiction, fiction, Persuasion | ||
| 653 | _aPG-English | ||
| 942 |
_2ddc _cBK |
||
| 999 |
_c64471 _d64471 |
||